熊本県の市町村 (2000年) - Statistics

General Stats
  • This quiz has been taken 45 times
    33 since last reset
  • The average score is 65 of 94
Answers on the Map
Answers color-coded by a green-red scale on the quiz's map according to % correct below.
 
Answer Stats
ヒント 市町村名 % Correct
熊本市くまもとし
100%
八代市やつしろし
100%
人吉市ひとよしし
100%
荒尾市あらおし
100%
水俣市みなまたし
100%
玉名市たまなし
100%
宇土市うとし
100%
玉名郡 長洲町ながすまち
100%
阿蘇郡 阿蘇町あそまち
100%
阿蘇郡 小国町おぐにまち
100%
山鹿市やまがし
95%
菊池市きくちし
95%
玉名郡 玉東町ぎょくとうまち
95%
玉名郡 南関町なんかんまち
95%
菊池郡 大津町おおづまち
95%
菊池郡 菊陽町きくようまち
95%
阿蘇郡 南小国町みなみおぐにまち
95%
阿蘇郡 高森町たかもりまち
95%
上益城郡 益城町ましきまち
95%
芦北郡 芦北町あしきたまち
95%
球磨郡 湯前町ゆのまえまち
95%
球磨郡 山江村やまえむら
95%
天草郡 苓北町れいほくまち
95%
牛深市うしぶかし
89%
宇土郡 三角町みすみまち
89%
菊池郡 合志町こうしまち
89%
上益城郡 御船町みふねまち
89%
芦北郡 津奈木町つなぎまち
89%
球磨郡 錦町にしきまち
89%
球磨郡 多良木町たらぎまち
89%
球磨郡 水上村みずかみむら
89%
球磨郡 五木村いつきむら
89%
球磨郡 球磨村くまむら
89%
天草郡 天草町あまくさまち
89%
本渡市ほんどし
84%
下益城郡 松橋町まつばせまち
84%
菊池郡 西合志町にしごうしまち
84%
阿蘇郡 産山村うぶやまむら
79%
阿蘇郡 西原村にしはらむら
79%
上益城郡 嘉島町かしままち
74%
球磨郡 上村うえむら
74%
球磨郡 相良村さがらむら
74%
鹿本郡 植木町うえきまち
68%
阿蘇郡 白水村はくすいむら
68%
八代郡 千丁町せんちょうまち
68%
阿蘇郡 いち宮町みやまち
68%
宇土郡 不知火町しらぬひまち
63%
玉名郡 岱明町たいめいまち
63%
鹿本郡 鹿本町かもとまち
63%
阿蘇郡 波野村なみのそん
63%
上益城郡 甲佐町こうさまち
63%
八代郡 坂本村さかもとむら
63%
八代郡 泉村いずみむら
63%
芦北郡 田浦町たのうらまち
63%
天草郡 大矢野町おおやのまち
63%
下益城郡 中央町ちゅうおうまち
58%
下益城郡 砥用町ともちまち
58%
玉名郡 三加和町みかわまち
58%
鹿本郡 菊鹿町きくかまち
58%
鹿本郡 鹿央町かおうまち
58%
阿蘇郡 蘇陽町そようまち
58%
八代郡 竜北町りゅうほくまち
58%
下益城郡 富合町とみあいまち
53%
玉名郡 菊水町きくすいまち
53%
鹿本郡 鹿北町かほくまち
53%
菊池郡 泗水町しすいまち
53%
八代郡 東陽村とうようむら
53%
天草郡 御所浦町ごしょうらまち
53%
天草郡 五和町いつわまち
53%
下益城郡 城南町じょうなんまち
47%
下益城郡 小川町おがわまち
47%
下益城郡 豊野町とよのまち
47%
玉名郡 横島町よこしままち
47%
玉名郡 天水町てんすいまち
47%
菊池郡 七城町しちじょうまち
47%
上益城郡 清和村せいわそん
47%
八代郡 宮原町みやはらまち
47%
球磨郡 免田町めんだまち
47%
球磨郡 須恵村すえむら
47%
天草郡 松島町まつしままち
47%
天草郡 姫戸町ひめどまち
47%
天草郡 龍ヶ岳町りゅうがたけまち
47%
天草郡 栖本町すもとまち
47%
天草郡 新和町しんわまち
47%
天草郡 河浦町かわうらまち
47%
上益城郡 矢部町やべまち
42%
八代郡 鏡町かがみまち
42%
球磨郡 岡原村おかはるむら
42%
菊池郡 旭志村きょくしむら
37%
阿蘇郡 長陽村ちょうようむら
37%
天草郡 倉岳町くらたけまち
37%
阿蘇郡 久木野村くぎのむら
32%
天草郡 有明町ありあけまち
32%
球磨郡 深田村ふかだむら
26%
No matching quizzes found
Score Distribution
Percent of People with Each Score
Percentile by Number Answered
Your Score History
You have not taken this quiz since the last reset